000 00336nam a2200121Ia 4500
005 20260328104248.0
008 260328s9999||||xx |||||||||||||| ||und||
100 _aSolano, Fernando
245 0 _aAnuario de Arquitectura Mexicana 1977 /
_cFernando Solano
260 _bInstituto Nacional de Bellas Artes
650 _aMEXICO
942 _cBK
999 _c10153
_d10153